Jennifer Lawrence Movies by Picture - Statistics

General Stats
  • This quiz has been taken 42 times
  • The average score is 9 of 20
Answer Stats
Picture Answer % Correct
The Hunger Games
100%
X-men
88%
Don't Look Up
68%
Silver Linings Playbook
68%
Passengers
58%
Red Sparrow
58%
Mother!
55%
Joy
48%
No Hard Feelings
48%
Winter's Bone
45%
American Hustle
43%
Serena
38%
The Beaver
30%
The Poker House
25%
Causeway
23%
House at the End of the Street
23%
The Devil You Know
23%
Garden Party
20%
The Burning Plain
20%
Like Crazy
18%
No matching quizzes found
Score Distribution
Percent of People with Each Score
Percentile by Number Answered
Your Score History
You have not taken this quiz